[Event "ch-Euro Senior"]
[Site "Rogaska Slatina SLO"]
[Date "2009.07.27"]
[Round "6"]
[White "Djurkovic,M"]
[Black "Krasevec,V"]
[Result "1-0"]
[WhiteElo "2149"]
[BlackElo "2027"]

1.d4 Nf6 2.Nf3 d5 3.c4 e6 4.g3 Be7 5.Bg2 O-O 6.O-O Nbd7 7.Nc3 dxc4 8.e4 c5
9.d5 exd5 10.exd5 Nb6 11.Ne5 Bd6 12.f4 a6 13.a4 Re8 14.a5 Nbd7 15.Nxc4 Nf8
16.Qd3 Ng6 17.Bd2 Ne7 18.f5 b5 19.axb6 Bb7 20.Bg5 Ng4 21.f6 Ng6 22.Nxd6 Qxd6
23.fxg7 f6 24.Ne4 Qxb6 25.Nxf6+ Nxf6 26.Rxf6  1-0

[Event "ch-AUT"]
[Site "Jenbach AUT"]
[Date "2009.07.28"]
[Round "4"]
[White "Freitag,Ma"]
[Black "Wagner,Stef AUT"]
[Result "1-0"]
[WhiteElo "2404"]
[BlackElo "2096"]

1.d4 Nf6 2.c4 e6 3.Nf3 d5 4.g3 Be7 5.Bg2 O-O 6.O-O b6 7.Qc2 Bb7 8.cxd5 exd5
9.Nc3 a6 10.Rd1 Bd6 11.Ne5 h6 12.Nc4 Re8 13.Nxd6 Qxd6 14.Bf4 Qd8 15.Rac1 Nbd7
16.Qb3 c6 17.Qc2 Qe7 18.Re1 Rac8 19.e4 dxe4 20.Nxe4 Nxe4 21.Rxe4 Qd8 22.Rce1 Rxe4
23.Qxe4 Nf6 24.Qe7 Ba8 25.Bd6 Nd5 26.Qe5 Qd7 27.Be4 Qe6 28.Qxe6 fxe6 29.Bg6 c5
30.dxc5 bxc5 31.Rxe6 Nf6 32.Be5 Rd8 33.Rd6 Rxd6 34.Bxd6 Ne4 35.Bf4 c4 36.Kf1 Kf8
37.Ke1 Ke7 38.Be5 Kf8 39.h4 Bd5 40.a3 a5 41.Ke2 Kg8 42.Ke3  1-0

[Event "Czech Open A"]
[Site "Pardubice CZE"]
[Date "2009.07.28"]
[Round "5"]
[White "Retinsky,V"]
[Black "De Verdier,M"]
[Result "1/2-1/2"]
[WhiteElo "2361"]
[BlackElo "2257"]

1.d4 Nf6 2.Nf3 d5 3.c4 e6 4.g3 Be7 5.Bg2 O-O 6.O-O dxc4 7.Qc2 a6 8.a4 Bd7
9.Qxc4 Bc6 10.Nc3 b5 11.Qd3 b4 12.Nb1 Be4 13.Qd1 c5 14.Nbd2 Bd5 15.dxc5 Nbd7
16.c6 Bxc6 17.Nd4 Bxg2 18.Kxg2 Nc5 19.N2f3 Qd5 20.Bd2 Nce4 21.Qb3 Nxd2 22.Qxd5 Nxd5
23.Nxd2 Bf6 24.N2b3 Rfc8 25.Rac1 Nb6 26.a5 Nc4 27.Rc2 Bxd4 28.Nxd4 Nxa5 29.Ra1 Rxc2
30.Nxc2 Nc6 31.Kf3 Kf8 32.Ke4 Ke7 33.Nd4 f5+ 34.Ke3 Ne5 35.b3 Ng4+ 36.Kf3 Nxh2+
37.Kg2 Ng4 38.Nc6+ Kf6 39.Nxb4 Rb8 40.Nxa6 Rxb3 41.Ra2 Rb7 42.Nc5 Rc7 43.Nd3 Ne5
44.Nxe5 Kxe5 45.Ra5+ Kf6 46.f4 g5 47.fxg5+ Kxg5 48.e4 Rc2+ 49.Kh3 Rf2 50.exf5 Rxf5
51.Ra7 h5 52.Ra8 e5 53.Re8 Kf6 54.g4 hxg4+ 55.Kxg4 Rf4+ 56.Kg3 Ra4  1/2-1/2

[Event "Czech Open A"]
[Site "Pardubice CZE"]
[Date "2009.07.29"]
[Round "6"]
[White "Sabol,M"]
[Black "Ambartsumova,K"]
[Result "1/2-1/2"]
[WhiteElo "2364"]
[BlackElo "2274"]

1.d4 d5 2.c4 e6 3.Nf3 Nf6 4.g3 Be7 5.Bg2 O-O 6.O-O dxc4 7.Qc2 a6 8.Qxc4 b5
9.Qc2 Bb7 10.Nbd2 Nbd7 11.Nb3 Be4 12.Qd1 c5 13.Bg5 Rc8 14.Rc1 h6 15.Bd2 c4
16.Ba5 Qe8 17.Nbd2 Bb7 18.Re1 Nb8 19.Nb1 Nc6 20.Bd2 Qd8 21.e3 Nb4 22.Bxb4 Bxb4
23.Nc3 Qa5 24.a3 Bxc3 25.Rxc3 Ne4 26.Rc1 c3 27.Qe2 Nd2 28.b4 Bxf3 29.bxa5 Bxe2
30.Rxe2 Nb3 31.Rcc2 Nxa5 32.Re1 Rc7 33.Bf1 Nb7 34.Rb1 Nd6 35.Rb3 Rfc8 36.a4 Kf8
37.axb5 axb5 38.Bxb5 Rb7 39.Ba4 Rxb3 40.Bxb3 Ne4 41.Ra2 Nd2 42.Bc2 Ke7 43.Ra7+ Kd6
44.f4 Rc7 45.Ra3 Nf3+ 46.Kf2 Nxh2 47.g4 Nxg4+  1/2-1/2

[Event "Women's Open"]
[Site "Vratsa BUL"]
[Date "2009.07.29"]
[Round "7"]
[White "Dragomirescu,An"]
[Black "Stefanova,M"]
[Result "1/2-1/2"]
[WhiteElo "2215"]
[BlackElo "1985"]

1.d4 d5 2.Nf3 Nf6 3.c4 e6 4.g3 Be7 5.Bg2 O-O 6.O-O c6 7.Qc2 b6 8.Nbd2 Bb7
9.e4 Nbd7 10.e5 Ne8 11.cxd5 exd5 12.Re1 Nc7 13.Nf1 Ne6 14.Ne3 c5 15.Nf5 cxd4
16.N3xd4 Nxd4 17.Nxd4 Nc5 18.Be3 Rc8 19.Bh3 Ne6 20.Qd1 Rc6 21.Nxc6 Bxc6 22.Rc1 Bb7
23.Bxe6 fxe6 24.Qa4 d4 25.Qxd4 Qe8 26.Qg4 Bc5 27.Bxc5 bxc5 28.Rxc5 Qf7 29.f4 Ba8
30.Rec1 Qd7 31.Qe2 h6 32.Qc2 Qd4+ 33.Kf1 Bb7 34.Rd1 Qe3 35.Qf2 Qe4 36.b4 Qh1+
37.Ke2 Qe4+ 38.Qe3 Qg2+ 39.Qf2 Qe4+ 40.Qe3 Qg2+ 41.Qf2  1/2-1/2

[Event "ch-AUT"]
[Site "Jenbach AUT"]
[Date "2009.07.30"]
[Round "6"]
[White "Denk,A"]
[Black "Hoelzl,F"]
[Result "1/2-1/2"]
[WhiteElo "2254"]
[BlackElo "2358"]

1.d4 Nf6 2.Nf3 d5 3.c4 e6 4.g3 Be7 5.Bg2 O-O 6.O-O dxc4 7.Qa4 a6 8.Qxc4 b5
9.Qc2 Bb7 10.Bd2 Bd6 11.Nc3 Nbd7 12.Rad1 b4 13.Na4 Be4 14.Qc1 Qb8 15.Bf4 Qb5
16.Nc5 Nxc5 17.dxc5 Bxc5 18.Be5 Nd5 19.Nd4 Bxd4 20.Rxd4 Bg6 21.Bxd5 exd5
22.Qd2 c5 23.Rxd5 Be4 24.Rd6 Rae8 25.Bf4 a5 26.b3 c4 27.bxc4 Qxc4 28.Rd4 Qc2
29.Qxc2 Bxc2 30.Rd2 Rc8 31.Rc1 b3 32.axb3 Bxb3 33.Rd7 a4 34.Rxc8 Rxc8 35.Bd6 h6
36.Ba3 Rc2 37.e4 Ra2 38.Bc5 Be6 39.Rd8+ Kh7 40.Rd1 Bh3 41.Re1 Kg6 42.Bd4 Rd2
43.Bc3 Rd3 44.Be5 a3 45.f4 Rd2 46.Bc3 Rg2+ 47.Kh1 Rc2 48.Be5 a2 49.Bd4 Bg2+
50.Kg1 Bxe4 51.Rxe4 Rc4 52.Re2  1/2-1/2

[Event "ch-AUT"]
[Site "Jenbach AUT"]
[Date "2009.07.30"]
[Round "6"]
[White "Lehner,O"]
[Black "Theuretzbacher,K"]
[Result "1-0"]
[WhiteElo "2421"]
[BlackElo "2200"]

1.d4 Nf6 2.c4 e6 3.Nf3 d5 4.g3 Be7 5.Bg2 O-O 6.O-O Nbd7 7.Qc2 c6 8.Nbd2 Re8
9.e4 Nxe4 10.Nxe4 dxe4 11.Qxe4 a5 12.Bd2 Bf6 13.Rad1 a4 14.Rfe1 Qb6 15.Bc3 c5
16.Qe3 cxd4 17.Nxd4 Ne5 18.Nb5 Qxe3 19.Rxe3 Nxc4 20.Re4 Bxc3 21.bxc3 Ra5
22.Nc7 Nb2 23.Rd2 Rf8 24.Rxb2 Bd7 25.Rd4  1-0

[Event "Czech Open A"]
[Site "Pardubice CZE"]
[Date "2009.07.30"]
[Round "7"]
[White "Djurovic,G"]
[Black "Osmanovic,F"]
[Result "1-0"]
[WhiteElo "2290"]
[BlackElo "2096"]

1.c4 e6 2.g3 d5 3.Bg2 Nf6 4.Nf3 Be7 5.d4 O-O 6.Qc2 Nbd7 7.Nbd2 c6 8.e4 Nxe4
9.Nxe4 dxe4 10.Qxe4 e5 11.dxe5 Nc5 12.Qe3 Nd3+ 13.Ke2 Bf5 14.Rd1 Nxc1+ 15.Raxc1 Qa5
16.a3 Rfe8 17.Qc3 Qxc3 18.Rxc3 f6 19.Nd4 Bg4+ 20.Bf3 Bh3 21.Be4 Bc5 22.Nf3 a5
23.Rd2 f5 24.Bc2 Bg4 25.Kf1 Bh3+ 26.Kg1 h6 27.Re2 g5 28.Kh1 Re7 29.Ng1 Bg4
30.f3 Bh5 31.Bxf5 Bd4 32.Rd3 c5 33.e6 Be8 34.Be4 Kg7 35.Bd5 Bg6 36.Rb3 Rb8
37.Rb6 Kf6 38.Kg2 Bd3 39.Re1 a4 40.Ne2 Be5 41.Nc3 Bxc3 42.bxc3 Bc2 43.f4 gxf4
44.gxf4 Bf5 45.Kf2 Rg8 46.Rg1 Rge8 47.Kf3 Rb8 48.Rg2 Bh3 49.Rgb2 Bf5 50.R2b5 Bxe6
51.Ke4 Kf7 52.Rxe6 Rxe6+ 53.Kf5 Ke7 54.Bxe6 Kd6 55.Bd5 b6 56.Kg6 Kc7 57.f5  1-0

[Event "Czech Open A"]
[Site "Pardubice CZE"]
[Date "2009.07.31"]
[Round "8"]
[White "Gasanov,E"]
[Black "Mikhalevski,A"]
[Result "1-0"]
[WhiteElo "2536"]
[BlackElo "2417"]

1.c4 e6 2.g3 d5 3.Bg2 Nf6 4.Nf3 Be7 5.d4 O-O 6.Qc2 b6 7.cxd5 exd5 8.O-O Bb7
9.Nc3 Na6 10.Bg5 Ne4 11.Bf4 c5 12.dxc5 Naxc5 13.Rad1 Nxc3 14.bxc3 Qc8 15.Nd4 Ne4
16.c4 Bf6 17.cxd5 Nc3 18.Nc6 Nxd1 19.Rxd1 Re8 20.e4 g5 21.Bd6 Bxc6 22.dxc6 Qe6
23.Rd5 Rac8 24.c7 Kh8 25.e5 Bg7 26.Qd3 Qd7 27.Qc4 Re7 28.Bh3 Re6 29.Bb4 Qe8
30.Bxe6 fxe6 31.Rd6 Bxe5 32.Bc3 Bxc3 33.Qxc3+ e5 34.Qd3 Kg7 35.Rd7+ Kf6 36.Rd8 Qe6
37.Rxc8  1-0

[Event "Centroamericano & Caribbean U20"]
[Site "Medellin COL"]
[Date "2009.08.01"]
[Round "4"]
[White "Rojas Alarcon,J"]
[Black "Martinez Romero,M"]
[Result "1-0"]
[WhiteElo "2295"]
[BlackElo "2135"]

1.c4 e6 2.Nf3 d5 3.d4 Nf6 4.g3 Be7 5.Bg2 O-O 6.O-O dxc4 7.Na3 Bxa3 8.bxa3 b5
9.Rb1 Nd5 10.Qc2 c6 11.Ng5 Nf6 12.Rd1 h6 13.Nf3 Qe7 14.Bd2 a5 15.Ne5 Nd5
16.a4 Bd7 17.axb5 cxb5 18.a4 b4 19.Nxc4 Rc8 20.Rdc1 Ra7 21.Qb3 Rac7 22.Bxd5 exd5
23.Ne3 Rxc1+ 24.Rxc1 Rxc1+ 25.Bxc1 Qd6 26.Nxd5 Be6 27.e4 Nc6 28.Bf4 Bxd5
29.exd5 Nxd4 30.Qc4 Qf6 31.Kg2 b3 32.Qc3 g5 33.Bc1 Qe5 34.Bb2 Qe4+ 35.f3 Qe2+
36.Kh3 f5 37.Qc1 Nc2 38.d6 Kf7 39.d7 Kg6 40.Qb1 Ne3 41.d8=Q Qg2+  1-0

[Event "Czech Open A"]
[Site "Pardubice CZE"]
[Date "2009.08.01"]
[Round "9"]
[White "Berezjuk,S"]
[Black "Tvarijonas,P"]
[Result "0-1"]
[WhiteElo "2406"]
[BlackElo "2304"]

1.d4 d5 2.c4 e6 3.Nf3 Be7 4.g3 Nf6 5.Bg2 O-O 6.O-O Nbd7 7.Qc2 c6 8.Rd1 Bd6
9.Nc3 Qe7 10.e4 dxe4 11.Nxe4 Nxe4 12.Qxe4 Nf6 13.Qe2 Bd7 14.Ne5 Rfd8 15.Bg5 h6
16.Bf4 Be8 17.Rd3 Rac8 18.Rad1 b6 19.a3 a5 20.Bh3 Bb8 21.Bg2 b5 22.c5 Nd5
23.Bxd5 Rxd5 24.Ng4 Bxf4 25.gxf4 Rf5 26.Rg3 Kf8 27.Qe4 Qc7 28.Ne3 Qxf4 29.Qc2 Rg5
30.Ng2 Rxg3 31.hxg3 Qf3 32.Ne3 Rd8 33.Qh7 f6 34.Rd3 Qh5 35.Ng2 Qg6 36.Qh8+ Kf7
37.Nf4 Qf5 38.Re3 e5 39.Ne2 Rc8 40.g4 Qb1+ 41.Kg2 Bd7  0-1

[Event "Continental ch-Americas"]
[Site "Sao Paulo BRA"]
[Date "2009.08.01"]
[Round "9"]
[White "Lafuente,P"]
[Black "Corrales Jimenez,F"]
[Result "1/2-1/2"]
[WhiteElo "2524"]
[BlackElo "2602"]

1.d4 Nf6 2.c4 e6 3.g3 d5 4.Nf3 Be7 5.Bg2 O-O 6.O-O dxc4 7.Qc2 a6 8.Qxc4 b5
9.Qc2 Bb7 10.Bf4 Nc6 11.Rd1 Nb4 12.Qc1 Nbd5 13.Ne5 Nxf4 14.Qxf4 Bxg2 15.Kxg2 c5
16.Nc3 cxd4 17.Rxd4 Qc7 18.Nf3 Qa5 19.Qd2 Bb4 20.Rc1 Nd5 21.e4 Nxc3 22.bxc3 Bc5
23.Rd7 Rad8 24.Rc2 Qb6 25.Rxd8 Rxd8 26.Qe2 h6 27.Nd2 Qc6 28.Nb3 Bb6 29.c4 b4
30.c5 Bc7 31.Qc4 a5 32.Rd2 Rb8 33.f3 a4 34.Nd4 Qb7 35.Rc2 Be5 36.c6 Qb6 37.c7 Rc8
38.Nb5 b3 39.axb3 axb3 40.Qxb3 Rxc7 41.Rxc7 Bxc7 42.Qd3  1/2-1/2

[Event "FSIMB August"]
[Site "Budapest HUN"]
[Date "2009.08.02"]
[Round "2"]
[White "Kaufeld,J"]
[Black "Spiropoulos,P"]
[Result "0-1"]
[WhiteElo "2274"]
[BlackElo "2114"]

1.d4 d5 2.Nf3 e6 3.c4 Be7 4.g3 Nf6 5.Bg2 O-O 6.O-O dxc4 7.Qc2 a6 8.a4 Bd7
9.Rd1 Bc6 10.Nc3 Nd5 11.e4 Nb4 12.Qe2 Nd3 13.d5 exd5 14.exd5 Bd7 15.Qe4 Bf6
16.Qxc4 Nxc1 17.Raxc1 c6 18.Qb3 Ra7 19.Nd4 c5 20.Nde2 b5 21.Ne4 c4 22.Qb4 Re8
23.Nd4 Bg4 24.Rd2 Bxd4 25.Rxd4 Nc6 26.dxc6 Qxd4 27.axb5 axb5 28.h3 Bxh3 29.Bxh3 Rxe4
30.Qxb5 Qd6 31.Bd7 g6 32.Kg2 Kg7 33.Rxc4 Re5 34.Qb4 Qd5+ 35.Kh2 Ra1 36.Re4 Rxe4
37.Qc3+ Re5 38.f3 f6 39.Bh3 Re2+  0-1

[Event "Centroamericano & Caribbean U20"]
[Site "Medellin COL"]
[Date "2009.08.02"]
[Round "6"]
[White "Rojas Alarcon,J"]
[Black "Avila,P"]
[Result "1/2-1/2"]
[WhiteElo "2295"]
[BlackElo "2118"]

1.c4 Nf6 2.Nf3 e6 3.d4 d5 4.g3 Be7 5.Bg2 O-O 6.O-O dxc4 7.Na3 Bxa3 8.bxa3 b5
9.a4 a6 10.Rb1 Nd5 11.Qc2 c6 12.Ba3 Re8 13.Ne5 Qc7 14.Be4 Nf6 15.Bg2 Bb7
16.Qb2 Bc8 17.Qc2 Bb7 18.Qb2 Bc8 19.Qc2 Bb7  1/2-1/2

[Event "Centroamericano & Caribbean U20"]
[Site "Medellin COL"]
[Date "2009.08.03"]
[Round "7"]
[White "Del Castilho,M"]
[Black "Otero Martinez,D"]
[Result "1/2-1/2"]
[WhiteElo "2181"]
[BlackElo "2097"]

1.d4 Nf6 2.c4 e6 3.g3 d5 4.Bg2 Be7 5.Nf3 O-O 6.O-O dxc4 7.Qc2 a6 8.Qxc4 b5
9.Qc2 Bb7 10.Bd2 Be4 11.Qc1 Bb7 12.Bg5 Qc8 13.Rd1 Nbd7 14.Nbd2 c5 15.dxc5 Bxc5
16.Nb3 Bb6 17.Qxc8 Raxc8 18.Bxf6 Nxf6 19.Ne1 Bd5 20.Bxd5 Nxd5 21.Rac1 Rc4
22.Nd2 Rxc1 23.Rxc1 Ne7 24.Nd3 Rc8 25.Rxc8+ Nxc8 26.Nb3 Kf8 27.Kf1 a5 28.Ke1 Ke7
29.Kd2 Kd6 30.Kc3 Ne7 31.e4 Nc6 32.f4 h5 33.Nd2 Nd4 34.a4 Ne2+ 35.Kb3 Nd4+
36.Kc3 Ne2+  1/2-1/2

[Event "FSGM August"]
[Site "Budapest HUN"]
[Date "2009.08.04"]
[Round "4"]
[White "Seres,L"]
[Black "Szabo,Krisz1"]
[Result "1/2-1/2"]
[WhiteElo "2456"]
[BlackElo "2493"]

1.d4 Nf6 2.Nf3 d5 3.c4 e6 4.g3 Be7 5.Bg2 O-O 6.Nbd2 c5 7.dxc5 Bxc5 8.O-O Nc6
9.Nb3 Be7 10.Nbd4 Nxd4 11.Qxd4 b6 12.Ne5 Bb7 13.Be3 Rc8 14.Rac1 Bc5 15.Qf4 Bd6
16.Bd4 Qe7 17.Qh4 dxc4 18.Nxc4 Bxg2 19.Nxd6 Qxd6 20.Bxf6 gxf6 21.Kxg2 Qe5  1/2-1/2

[Event "110th US Open"]
[Site "Indianapolis USA"]
[Date "2009.08.04"]
[Round "4"]
[White "Shapiro,D"]
[Black "Rea,A"]
[Result "1/2-1/2"]
[WhiteElo "1882"]
[BlackElo "2136"]

1.d4 Nf6 2.c4 e6 3.g3 d5 4.Nf3 Be7 5.Bg2 O-O 6.O-O b6 7.cxd5 exd5 8.Ne5 Bb7
9.Nd2 c5 10.dxc5 bxc5 11.Ndc4 Qc7 12.Qb3 Nc6 13.Nxc6 Bxc6 14.Ne3 d4 15.Bxc6 Qxc6
16.Nf5 Rfe8 17.e3 Qf3 18.Nxe7+ Rxe7 19.exd4 Qxb3 20.axb3 cxd4 21.Rd1 Rd7
22.Rd3 h6 23.Ra4 Rad8 24.h3 Ne4 25.Rc4 a5 26.Bf4 Rd5 27.Bc7 R8d7 28.Bb6 Ng5
29.b4 axb4 30.Rxb4 Rb7 31.Bc5 Rxb4 32.Bxb4 Ne6 33.Kf1 h5 34.Ke2 h4 35.Kd2 Rf5
36.Ke2 hxg3 37.fxg3 Rh5 38.h4 g5 39.Be7 gxh4 40.Bxh4 Rb5 41.Rd2 Rb3 42.Kd1 d3
43.Bf6 Kh7 44.Rf2 Kg6 45.Bc3  1/2-1/2

[Event "Arctic Chess Challenge"]
[Site "Tromso NOR"]
[Date "2009.08.04"]
[Round "4"]
[White "Gandrud,V"]
[Black "Turner,Ma"]
[Result "0-1"]
[WhiteElo "2169"]
[BlackElo "2517"]

1.d4 Nf6 2.c4 e6 3.Nf3 d5 4.g3 Be7 5.Bg2 O-O 6.O-O dxc4 7.Ne5 Nc6 8.Nxc6 bxc6
9.Qa4 Qxd4 10.Nc3 Rb8 11.Be3 Qe5 12.Qxa7 Rb7 13.Qd4 Bd6 14.Bxc6 Rxb2 15.Qxc4 Rb4
16.Qd3 Ng4 17.Ne4 Qh5 18.h4 Ne5 19.Qd2 Nxc6 20.Nxd6 cxd6 21.Rac1 Bb7 22.Rxc6 Rxh4
23.gxh4 Qg4+ 24.Kh2 Qxh4+ 25.Kg1 Bxc6 26.f3 Bd5 27.Bf4 Ra8 28.Bxd6 Rxa2 29.Rb1 h6
30.Qd3 f5 31.Qe3 Kh7 32.Rc1 Rxe2  0-1

[Event "Arctic Chess Challenge"]
[Site "Tromso NOR"]
[Date "2009.08.04"]
[Round "4"]
[White "Hammer,J"]
[Black "Leniart,A"]
[Result "1/2-1/2"]
[WhiteElo "2583"]
[BlackElo "2390"]

1.Nf3 d5 2.d4 Nf6 3.c4 e6 4.g3 Be7 5.Bg2 O-O 6.O-O c6 7.Nbd2 b6 8.Ne5 Bb7
9.e4 dxc4 10.Ndxc4 c5 11.dxc5 Qxd1 12.Rxd1 Bxc5 13.Re1 Rd8 14.Be3 Bxe3 15.Rxe3 Na6
16.f3 Nb4 17.Rc3 Rac8 18.a3 Nc6 19.Nxc6 Rxc6 20.Rac1 Rdc8 21.Bf1 Kf8 22.Kf2 Ke7
23.a4 Nd7 24.Ke3 f6 25.a5 b5 26.Na3 a6 27.Rxc6 Rxc6 28.Rxc6 Bxc6 29.b4 e5
30.Nc2 Nb8 31.Bh3 Bd7 32.Bxd7 Nxd7 33.Ne1 Ke6 34.f4 g5 35.f5+ Kf7 36.Kd2 h5
37.Ng2 Ke7 38.Ne3 Kd6 39.Nd5 Kc6 40.Ne7+ Kd6 41.Ng8 Kc7 42.Ne7 Kd6 43.Nd5 Kc6
44.Ke2 Kd6 45.Kf3 Kc6 46.Kg2 Kd6 47.Kf2 Kc6 48.Kf3 Kd6 49.Ne3 Ke7 50.Kf2 Nb8
51.Nd5+ Kf7 52.Nc7 Ke7 53.Ke3 Kf7 54.h4 g4 55.Kd3 Ke7 56.Kc3 Kf7 57.Kd3 Ke7
58.Kc3 Kf7 59.Kd3  1/2-1/2

[Event "HZ Open"]
[Site "Vlissingen NED"]
[Date "2009.08.04"]
[Round "5"]
[White "Roobol,M"]
[Black "Busch,C"]
[Result "1-0"]
[WhiteElo "2342"]
[BlackElo "2145"]

1.d4 Nf6 2.c4 e6 3.Nf3 d5 4.g3 Be7 5.Bg2 O-O 6.O-O dxc4 7.Na3 Bxa3 8.bxa3 Nc6
9.a4 Qe7 10.Qc2 e5 11.dxe5 Nxe5 12.Nxe5 Qxe5 13.Bf4 Qc5 14.Be3 Qa5 15.Qxc4 c6
16.Qb3 Nd5 17.Bd4 Nb6 18.Rac1 Be6 19.Qb2 f6 20.e3 Rf7 21.Rc5 Qxa4 22.Qc3 Nd7
23.Rxc6 Nf8 24.Rc7 Qxa2 25.Bxb7 Rb8 26.Rxf7 Bxf7 27.Qc7 Re8 28.Bc6 Qc2 29.Qb7 Rd8
30.Be4 Qe2 31.Bf3 Rd7 32.Qc6 Qc4 33.Qxc4 Bxc4 34.Rc1 Be6 35.Ra1 Bd5 36.Bxd5+ Rxd5
37.Rxa7 Ne6 38.Bc3 Ng5 39.Kg2 Ne4 40.Bd4 Rf5 41.f3 Nd2 42.g4 Rd5 43.Rb7 Nc4
44.h4 h6 45.f4 Ra5 46.g5 hxg5 47.hxg5 Nd6 48.Rd7 Nf5 49.gxf6 Ra2+ 50.Kf3 Nxd4+
51.exd4 gxf6 52.Ke4 Ra6 53.Kd5 Kf8 54.Rd6 Ra5+ 55.Ke6 Kg7 56.d5 Kg6 57.Rd8 f5
58.Rg8+ Kh7 59.Rg5  1-0

[Event "HZ Open"]
[Site "Vlissingen NED"]
[Date "2009.08.04"]
[Round "5"]
[White "Haak,E"]
[Black "Andersen,NE"]
[Result "1-0"]
[WhiteElo "2154"]
[BlackElo "1981"]

1.d4 Nf6 2.c4 e6 3.Nf3 d5 4.g3 Be7 5.Bg2 O-O 6.O-O c6 7.b3 Nbd7 8.Qc2 Ne4
9.Nbd2 Nxd2 10.Nxd2 Bf6 11.Bb2 e5 12.cxd5 cxd5 13.dxe5 Nxe5 14.Rad1 Qa5 15.Bc3 Nf3+
16.Nxf3 Qxc3 17.Qxc3 Bxc3 18.Rxd5 Be6 19.Rd3 Rac8 20.Ng5 Bf5 21.e4 Bg4 22.f3 Bh5
23.Nh3 Rfd8 24.Rfd1 Ba5 25.Rxd8+ Rxd8 26.Rxd8+ Bxd8 27.Nf4 Bg6 28.Bh3 Kf8
29.Bf5 Bxf5 30.exf5 g6 31.fxg6 hxg6 32.Kf2 Bb6+ 33.Ke2 Bg1 34.h4 Ke7 35.g4 Kf6
36.Nh3 Bb6 37.Kd3 Ke5 38.f4+ Ke6 39.Ng5+ Kf6 40.Ke4 Kg7 41.Nf3 f6 42.f5 Ba5
43.fxg6 Kxg6 44.h5+ Kh6 45.Kf5 Bc3 46.Nh4 b5 47.Ng6 a5 48.Ne7 a4 49.bxa4 bxa4
50.Nd5 Bb2 51.Nxf6 a3 52.g5+ Kg7 53.h6+ Kh8 54.g6  1-0

[Event "110th US Open"]
[Site "Indianapolis USA"]
[Date "2009.08.05"]
[Round "5"]
[White "Kraai,J"]
[Black "Rosen,E"]
[Result "1/2-1/2"]
[WhiteElo "2498"]
[BlackElo "2141"]

1.Nf3 d5 2.d4 Nf6 3.c4 e6 4.g3 Be7 5.Bg2 O-O 6.O-O dxc4 7.Qc2 a6 8.a4 Bd7
9.Qxc4 Bc6 10.Bf4 Nd5 11.Nc3 Nxf4 12.gxf4 Bd6 13.e3 Nd7 14.Kh1 Nf6 15.Rg1 Ne4
16.Nxe4 Bxe4 17.Ng5 Bxg2+ 18.Rxg2 Be7 19.Rag1 Bxg5 20.Rxg5 g6 21.Rc1 c6 22.a5 Qe7
23.Qc5 Qxc5 24.Rgxc5 Rfd8 25.Kg2 Rd5 26.b4 Rad8 27.h4 h5 28.Kf3 Kg7 29.Ke4 Kf6
30.Kd3 Ke7 31.Kc4 Ke8 32.Rg1 Ke7 33.Rb1 Ke8 34.Rxd5 Rxd5 35.e4 Rb5 36.Rg1 Kd7
37.Rg5 Kd6 38.f3 b6 39.axb6 Rxb6 40.Ra5 Kd7 41.f5 exf5 42.exf5 Rb5 43.fxg6 fxg6
44.Rxa6 Rf5 45.Ra7+ Kd6 46.Rg7 Rf6 47.Rg8 Kc7 48.Kc5 Rf5+ 49.Kc4 Rf6 50.b5 cxb5+
51.Kxb5 Rxf3 52.Rxg6 Rf4 53.Kc5 Rxh4 54.Rg7+ Kd8 55.Rh7 Rg4 56.Rxh5 Rg6 57.Rh8+ Kc7
58.Rh7+ Kd8 59.Ra7 Rh6 60.Rb7 Rg6 61.Rh7 Rf6 62.d5 Rg6 63.Rh5 Rf6 64.d6 Rf1
65.Kc6 Rc1+ 66.Rc5 Rxc5+ 67.Kxc5 Kd7 68.Kd5 Kd8 69.Kc6 Kc8 70.d7+ Kd8 71.Kd6  1/2-1/2

[Event "Open"]
[Site "Kavala GRE"]
[Date "2009.08.06"]
[Round "7"]
[White "Mastrovasilis,A"]
[Black "Koneru,H"]
[Result "1/2-1/2"]
[WhiteElo "2503"]
[BlackElo "2623"]

1.d4 Nf6 2.c4 e6 3.g3 d5 4.Bg2 Be7 5.Nf3 O-O 6.O-O dxc4 7.Qc2 a6 8.a4 Bd7
9.Qxc4 Bc6 10.Bg5 Bd5 11.Qd3 Be4 12.Qe3 Bc6 13.Nc3 Nbd7 14.Qd3 Bb4 15.Rfe1 h6
16.Bxf6 Nxf6 17.e4 b6 18.Ne5 Bb7 19.Rad1 c6 20.Qc4 Qe7 21.Nxc6 Bxc6 22.Qxc6 Rfc8
23.Qxb6 Rcb8 24.Qc6 Rc8  1/2-1/2

[Event "HZ Open"]
[Site "Vlissingen NED"]
[Date "2009.08.06"]
[Round "7"]
[White "Bodicker,R"]
[Black "Lacrosse,M"]
[Result "0-1"]
[WhiteElo "2080"]
[BlackElo "2184"]

1.d4 d5 2.Nf3 Nf6 3.c4 e6 4.g3 Be7 5.Bg2 O-O 6.O-O dxc4 7.Qc2 a6 8.Qxc4 b5
9.Qc2 Bb7 10.Bd2 Be4 11.Qc1 Nc6 12.Be3 Rc8 13.Nbd2 Bd5 14.Nb3 Nb4 15.Ne1 a5
16.Bxd5 Qxd5 17.Nxa5 Ra8 18.a3 Rxa5 19.axb4 Rxa1 20.Qxa1 Bxb4 21.Nd3 Bd6
22.b4 Ra8 23.Qc1 Ra2 24.Re1 h5 25.f3 Qc4 26.Qb1 Rc2 27.Rc1 Rxc1+ 28.Qxc1 Nd5
29.Qd2 Bxb4 30.Nxb4 Qxb4 31.Qd3 Qe1+ 32.Kg2 Qd1 33.Bd2 Nb6 34.Qxb5 Qxd2 35.Qe8+ Kh7
36.Qxf7 Qxe2+ 37.Kh3 Qe3 38.Qxc7 Nd5 39.Qc2+ Kh6 40.Qc8 Nf6  0-1

[Event "FSIMB August"]
[Site "Budapest HUN"]
[Date "2009.08.07"]
[Round "7"]
[White "Kaufeld,J"]
[Black "Nyland,T"]
[Result "1-0"]
[WhiteElo "2274"]
[BlackElo "2156"]

1.Nf3 d5 2.d4 e6 3.c4 Nf6 4.g3 Be7 5.Bg2 c6 6.O-O O-O 7.Qc2 Nbd7 8.Nbd2 b6
9.e4 dxe4 10.Nxe4 Nxe4 11.Qxe4 Bb7 12.Rd1 Nf6 13.Qc2 Qc8 14.c5 b5 15.Bg5 h6
16.Bxf6 Bxf6 17.Ne5 Qc7 18.f4 Rad8 19.b4 Bxe5 20.dxe5 Rxd1+ 21.Rxd1 a5 22.a3 axb4
23.axb4 Qb8 24.Qa2 Qa8 25.Qxa8 Rxa8 26.Be4 g5 27.Rd7 Ra1+ 28.Kg2 Ba8 29.Kf3 gxf4
30.gxf4 Kg7 31.Kg3 Ra4 32.Bf3 Ra3 33.f5 exf5 34.e6 f4+ 35.Kxf4 Ra4 36.e7 Rxb4+
37.Kg3  1-0

[Event "HZ Open"]
[Site "Vlissingen NED"]
[Date "2009.08.08"]
[Round "9"]
[White "Roobol,M"]
[Black "De Wolf,J"]
[Result "1/2-1/2"]
[WhiteElo "2342"]
[BlackElo "2147"]

1.d4 Nf6 2.c4 e6 3.Nf3 d5 4.g3 Be7 5.Bg2 O-O 6.O-O c6 7.b3 Nbd7 8.Qc2 b6
9.Nbd2 Bb7 10.Bb2 Rc8 11.Rfd1 Qc7 12.Rac1 Qb8 13.e4 c5 14.exd5 exd5 15.dxc5 Bxc5
16.Qf5 dxc4 17.Rxc4 Bd5 18.Rh4 Be6 19.Qb1 h6 20.Ne4 Nxe4 21.Qxe4 Rfe8 22.Qb1 Be7
23.Rhd4 Ne5 24.Nxe5 Qxe5 25.Rg4 Qxb2 26.Qxb2 Bxg4 27.Re1 Bf6 28.Qd2 Rxe1+
29.Qxe1 Bb2 30.Bf1 Bh3 31.Bxh3 Rc1  1/2-1/2

[Event "ch-BLR U20"]
[Site "Minsk BLR"]
[Date "2009.08.10"]
[Round "1"]
[White "Stupak,K"]
[Black "Smolich,P"]
[Result "1-0"]
[WhiteElo "2449"]
[BlackElo "2238"]

1.d4 d5 2.Nf3 Nf6 3.c4 e6 4.g3 Be7 5.Bg2 O-O 6.O-O b6 7.Nc3 Bb7 8.cxd5 Nxd5
9.Qc2 c5 10.dxc5 Bxc5 11.Ng5 g6 12.Qe4 Bc6 13.Qh4 h5 14.Rd1 Qe7 15.Nce4 f6
16.Nf3 Nd7 17.b3 Qf7 18.Nxc5 Nxc5 19.Ba3 Nc3 20.Re1 Bb5 21.Bf1 N3e4 22.Qf4 a5
23.Bg2 Rac8 24.Qe3 Nd6 25.Rac1 Nf5 26.Qc3 Ba6 27.Qb2 Rfd8 28.Bxc5 Rxc5 29.Rxc5 bxc5
30.Qc3 Rc8 31.Qxa5 Bb7 32.Rc1 Qe7 33.Qc3 e5 34.Bh3 Qd7 35.Nh4 c4 36.bxc4 Rd8
37.c5 Qc6 38.Bg2 e4 39.Nxg6 Kh7 40.Nf4 Nd4 41.h4  1-0

[Event "24th ICT Acropolis"]
[Site "Chalkida GRE"]
[Date "2009.08.11"]
[Round "2"]
[White "Grapsa,G"]
[Black "Charkhalashvili,I"]
[Result "1/2-1/2"]
[WhiteElo "2083"]
[BlackElo "2357"]

1.d4 Nf6 2.c4 e6 3.g3 d5 4.Bg2 Be7 5.Nf3 O-O 6.O-O b6 7.Nc3 Bb7 8.Ne5 Ne4
9.cxd5 Nxc3 10.bxc3 Bxd5 11.e4 Bb7 12.Qb3 Nd7 13.Nc4 Qc8 14.Bf4 h6 15.Rfe1 Rd8
16.Rab1 Bc6 17.Bh3 Bf8 18.a4 Qa6 19.Ra1 Qb7 20.a5 a6 21.f3 b5 22.Rab1 Re8
23.Qc2 Qa7 24.Nd2 Bb7 25.Be3 c5 26.d5 Bc8 27.dxe6 fxe6 28.c4 Rb8  1/2-1/2

[Event "25th Open"]
[Site "Geraadsbergen BEL"]
[Date "2009.08.12"]
[Round "2"]
[White "Verlinden,D"]
[Black "Van Hoecke,E"]
[Result "1-0"]
[WhiteElo "2080"]
[BlackElo "1892"]

1.d4 d5 2.Nf3 Nf6 3.c4 e6 4.g3 Be7 5.Bg2 O-O 6.O-O c5 7.cxd5 Nxd5 8.Nc3 Nxc3
9.bxc3 Nc6 10.Rb1 Bf6 11.Ba3 Be7 12.Bxc5 Bxc5 13.dxc5 Qa5 14.Nd4 Qxc5 15.Nxc6 bxc6
16.Qd4 Qxd4 17.cxd4 Ba6 18.Bxc6 Rad8 19.Bb5 Bxb5 20.Rxb5 Rxd4 21.Ra5 Rd7
22.Rc1 g6 23.Rac5 Rb8 24.R1c2 Kg7 25.Kg2 Rb6 26.Ra5 Rbd6 27.Kf3 Rd5 28.Ra3 Rd4
29.Rc5 Rb4 30.Rca5 Rbb7 31.g4 h6 32.R3a4 g5 33.Kg3 Rbc7 34.h4 Kg6 35.hxg5 hxg5
36.e3 f6 37.Ra6 e5 38.Re6 Re7 39.Rxe7 Rxe7 40.Ra6 Rc7 41.Kf3 Rb7 42.Ke4 Rb4+
43.Kd3 e4+ 44.Kc3 Rb7 45.Kd4 Re7 46.Kd5 Kf7 47.Rd6 Re5+ 48.Kc4 Ra5 49.Rd2 Ke6
50.Kb4 Re5 51.Rd8 a5+ 52.Kc4 f5 53.Re8+ Kd6 54.Rxe5 Kxe5 55.Kb5 fxg4 56.Kxa5 g3
57.fxg3 Kf5 58.Kb5 Kg4 59.a4 Kxg3 60.a5 Kf2 61.a6 g4 62.a7 g3 63.a8=Q g2
64.Qa2+ Kf3 65.Qb1 Kxe3 66.Qg1+ Kf3 67.Kc4 e3 68.Kd3 e2 69.Kd2  1-0

[Event "59th ch-HUN"]
[Site "Szeged HUN"]
[Date "2009.08.12"]
[Round "4"]
[White "Ruck,R1"]
[Black "Prohaszka,P2"]
[Result "1/2-1/2"]
[WhiteElo "2561"]
[BlackElo "2508"]

1.Nf3 Nf6 2.c4 e6 3.g3 d5 4.d4 Be7 5.Bg2 O-O 6.O-O dxc4 7.Qc2 a6 8.Qxc4 b5
9.Qc2 Bb7 10.Bd2 Be4 11.Qc1 Qc8 12.Bg5 Nbd7 13.Qf4 Bb7 14.Rc1 Bd6 15.Qh4 h6
16.Bxf6 Nxf6 17.Nbd2 Re8 18.e4 Nd7 19.Nb3 a5 20.a4 bxa4 21.Rxa4 Qb8 22.Rxa5 Rxa5
23.Nxa5 c5 24.dxc5 Nxc5 25.Nxb7 Qxb7 26.Rd1 Be7 27.Qh5 Qxb2 28.Ne5 g6 29.Nxg6 fxg6
30.Qxg6+ Kf8 31.Qxh6+ Qg7 32.Qe3 e5 33.Bf1 Qf6 34.Bh3  1/2-1/2